LAUTECH

Households and Housing (Record no. 25501)

MARC details
000 -LEADER
fixed length control field 00235nam a2200097Ia 4500
008 - FIXED-LENGTH DATA ELEMENTS--GENERAL INFORMATION
fixed length control field 120527s9999 xx 000 0 und d
100 ## - MAIN ENTRY--AUTHOR
Author CLARK and DIELEMAN
245 ## - TITLE STATEMENT
Title Households and Housing
260 ## - PUBLICATION, DISTRIBUTION, ETC. (IMPRINT)
Name of publisher Centre For Policy
942 ## - ADDED ENTRY ELEMENTS (KOHA)
Item type Books
Holdings
Not for loan Home library Current library Shelving location Date acquired Accen. No. Koha item type
  OLUSEGUN OKE LIBRARY LAUTECH OLUSEGUN OKE LIBRARY LAUTECH   28/05/2012 20104 Books